| 000 | 00937cam a22002054a 4500 | ||
|---|---|---|---|
| 005 | 20250605163936.0 | ||
| 008 | 250528s ||||||||||||||||||||||||d | ||
| 035 | _a14887 | ||
| 020 | _a39473954 | ||
| 040 |
_aGR-AtMCL _bgre _dGR-AtMCL _eAACR2 |
||
| 245 | 1 | _aPower Knowledge / Selected Interviews and Other Writings 1972-1977 | |
| 260 |
_bPantheon Books, _c1980 |
||
| 300 | _a274 | ||
| 520 | _aSuperb set of essays and interviews that provide a much needed guide to Foucault. Preface, Translations and Sources, On Popular Justice: A Discussion with Maoists, Prison Talk, Body/ Power, Questions on Geography, Two Lectures, Truth and Power, Power and Strategies, The Eye of Power, Th Politics of Health in the Eighteenth Century, The History of Sexuality, The Confession of the Flesh, Afterword, Bibliography. | ||
| 700 | 1 |
_aFoucault Michel _9674 |
|
| 700 | 1 |
_aGordon Colin _9675 |
|
| 942 | _cBK | ||
| 999 |
_c498 _d498 |
||